[Event "EU YCH Team U12 boys"]
[Site "Thessaloniki"]
[Date "2022.07.15"]
[Round "4.2"]
[White "Sardis, Ioannis"]
[Black "Zagorac, Lara"]
[Result "1/2-1/2"]
[WhiteElo "1106"]
[BlackElo "1499"]
[PlyCount "87"]
[EventDate "2022.07.12"]
[EventType "swiss"]
[EventRounds "7"]
[EventCountry "GRE"]
[SourceTitle "Youth Database"]
[Source "CBase R.Goldau"]
[SourceDate "2000.03.01"]
[SourceVersion "1"]
[SourceVersionDate "2022.07.18"]
[SourceQuality "1"]
[WhiteTeam "Griechenland"]
[BlackTeam "Kroatien"]
[WhiteTeamCountry "GRE"]
[BlackTeamCountry "CRO"]

1. e4 c5 2. Nf3 g6 3. c4 Bg7 4. Be2 Nc6 5. Nc3 Nf6 6. Rb1 d6 7. O-O O-O 8. b3
Bg4 9. Re1 Bxf3 10. Bxf3 Nd4 11. Bb2 Nd7 12. Nb5 Nxb5 13. Bxg7 Kxg7 14. cxb5
Ne5 15. Be2 Kg8 16. f4 Nd7 17. f5 Nf6 18. fxg6 hxg6 19. Bd3 Qb6 20. Kh1 Rad8
21. Re3 Kg7 22. Qe2 Qc7 23. Rf1 Rh8 24. Qf3 Rdf8 25. h3 Qd7 26. Bc4 Ng4 27. Re2
Ne5 28. Qc3 Kg8 29. Ref2 Nxc4 30. bxc4 Qe6 31. d3 b6 32. Qd2 Qe5 33. a4 Kg7 34.
Rf3 f6 35. Qf2 Rh7 36. Qg3 Rhh8 37. Qg4 Rd8 38. Rg3 Rh6 39. Rgf3 Rh5 40. Rf5
Rxf5 41. Rxf5 Qe6 42. Rf4 Qxg4 43. Rxg4 e6 44. Rf4 1/2-1/2

[Event "EU YCH Team U12 boys"]
[Site "Thessaloniki"]
[Date "2022.07.15"]
[Round "4.3"]
[White "Golubovic, Erik"]
[Black "Dimoudis, Dimitrios"]
[Result "1-0"]
[WhiteElo "1594"]
[BlackElo "1058"]
[PlyCount "95"]
[EventDate "2022.07.12"]
[EventType "swiss"]
[EventRounds "7"]
[EventCountry "GRE"]
[SourceTitle "Youth Database"]
[Source "CBase R.Goldau"]
[SourceDate "2000.03.01"]
[SourceVersion "1"]
[SourceVersionDate "2022.07.18"]
[SourceQuality "1"]
[WhiteTeam "Kroatien"]
[BlackTeam "Griechenland"]
[WhiteTeamCountry "CRO"]
[BlackTeamCountry "GRE"]

1. e4 c6 2. c4 d5 3. cxd5 cxd5 4. exd5 Qxd5 5. Nc3 Qd8 6. d4 Nf6 7. Nf3 e6 8.
Bd3 Be7 9. O-O Nc6 10. a3 h6 11. Re1 O-O 12. Bc2 Qd7 13. Qd3 Rd8 14. Be3 Bf8
15. Rad1 Ne7 16. Ne5 Qc7 17. Bf4 Qb6 18. b4 Nc6 19. Ng4 Be7 20. Na4 Qa6 21. b5
Qa5 22. bxc6 bxc6 23. Be5 Ba6 24. Nxf6+ Bxf6 25. Qh7+ Kf8 26. Bxf6 gxf6 27.
Qxh6+ Ke7 28. Qe3 Rg8 29. Nc5 Bc8 30. Be4 Bd7 31. Nxd7 Kxd7 32. Qf3 Ke7 33.
Bxc6 Rad8 34. d5 Qc5 35. Rc1 Qd6 36. Qe3 e5 37. Qxa7+ Kf8 38. Qc5 Ke7 39. Qxd6+
Kxd6 40. Rb1 Rc8 41. Rb7 Rc7 42. Reb1 Rgc8 43. Rxc7 Rxc7 44. Rb7 Rc8 45. Rxf7
Rb8 46. Rb7 Rc8 47. a4 Kc5 48. a5 1-0

[Event "EU YCH Team U12 boys"]
[Site "Thessaloniki"]
[Date "2022.07.15"]
[Round "4.1"]
[White "Margaritis, Ioannis M"]
[Black "Ivanov, Andrey"]
[Result "0-1"]
[WhiteElo "1525"]
[BlackElo "1515"]
[PlyCount "72"]
[EventDate "2022.07.12"]
[EventType "swiss"]
[EventRounds "7"]
[EventCountry "GRE"]
[SourceTitle "Youth Database"]
[Source "CBase R.Goldau"]
[SourceDate "2000.03.01"]
[SourceVersion "1"]
[SourceVersionDate "2022.07.18"]
[SourceQuality "1"]
[WhiteTeam "Griechenland"]
[BlackTeam "Mazedonien"]
[WhiteTeamCountry "GRE"]
[BlackTeamCountry "MKD"]

1. d4 d5 2. c4 c6 3. Nf3 Nf6 4. Qb3 e6 5. Bg5 Be7 6. Nc3 Nbd7 7. e3 O-O 8. Be2
dxc4 9. Qxc4 Nd5 10. Bxe7 Qxe7 11. O-O N7f6 12. Rab1 Qc7 13. Rfc1 Bd7 14. b4
Rac8 15. Qb3 Qd8 16. Qa3 Ra8 17. b5 h6 18. bxc6 Bxc6 19. Ne5 Nxc3 20. Rxc3 Bd5
21. f3 a6 22. e4 Bxe4 23. Rd1 Bd5 24. Rdc1 Bxa2 25. Nc6 bxc6 26. Qxa2 Qxd4+ 27.
Kf1 Nd5 28. Ra3 Ne3+ 29. Ke1 Nxg2+ 30. Kf1 Ne3+ 31. Ke1 Qf4 32. Rxc6 Ng2+ 33.
Kd1 Rfd8+ 34. Rd3 Rxd3+ 35. Bxd3 Qxf3+ 36. Qe2 Qxc6 0-1

[Event "EU YCH Team U12 boys"]
[Site "Thessaloniki"]
[Date "2022.07.15"]
[Round "4.2"]
[White "Petrovski, Nikola"]
[Black "Karakotsios, Loukas Georgios"]
[Result "1-0"]
[WhiteElo "1389"]
[BlackElo "1257"]
[PlyCount "53"]
[EventDate "2022.07.12"]
[EventType "swiss"]
[EventRounds "7"]
[EventCountry "GRE"]
[SourceTitle "Youth Database"]
[Source "CBase R.Goldau"]
[SourceDate "2000.03.01"]
[SourceVersion "1"]
[SourceVersionDate "2022.07.18"]
[SourceQuality "1"]
[WhiteTeam "Mazedonien"]
[BlackTeam "Griechenland"]
[WhiteTeamCountry "MKD"]
[BlackTeamCountry "GRE"]

1. e4 c5 2. Nf3 d6 3. d4 cxd4 4. Nxd4 Nf6 5. Nc3 e6 6. Be2 a6 7. O-O b5 8. a3
Bb7 9. f3 Be7 10. Be3 Nbd7 11. Kh1 O-O 12. Bd3 Qc7 13. Qe1 d5 14. Bd2 dxe4 15.
Nxe4 e5 16. Nf5 Bc5 17. Bh6 Nh5 18. Qh4 Bxe4 19. Bxe4 Rae8 20. Qxh5 Nf6 21. Qg5
Nh5 22. Bxg7 Qb6 23. Nh6+ Qxh6 24. Bxh6+ Kh8 25. Qf5 Nf6 26. Qxf6+ Kg8 27. Qg7#
1-0

[Event "EU YCH Team U12 boys"]
[Site "Thessaloniki"]
[Date "2022.07.15"]
[Round "4.3"]
[White "Misios, Konstantinos"]
[Black "Spasov, Igor Aleksandar"]
[Result "1/2-1/2"]
[WhiteElo "1262"]
[BlackElo "1337"]
[PlyCount "88"]
[EventDate "2022.07.12"]
[EventType "swiss"]
[EventRounds "7"]
[EventCountry "GRE"]
[SourceTitle "Youth Database"]
[Source "CBase R.Goldau"]
[SourceDate "2000.03.01"]
[SourceVersion "1"]
[SourceVersionDate "2022.07.18"]
[SourceQuality "1"]
[WhiteTeam "Griechenland"]
[BlackTeam "Mazedonien"]
[WhiteTeamCountry "GRE"]
[BlackTeamCountry "MKD"]

1. e4 c6 2. d4 d5 3. exd5 cxd5 4. Nf3 Bg4 5. Bd3 Nc6 6. c3 Nf6 7. O-O e6 8. Bf4
Bd6 9. Bg3 O-O 10. Nbd2 Rc8 11. Qb3 Bxg3 12. hxg3 Qc7 13. Rfe1 Rfd8 14. Ne5 Bh5
15. Rac1 Qb6 16. Qxb6 axb6 17. Ndf3 Bxf3 18. Nxf3 Ra8 19. a3 Na5 20. c4 Nc6 21.
cxd5 Nxd5 22. Be4 Rac8 23. Red1 Nce7 24. Ne5 f6 25. Nc4 Rc6 26. Ne3 Rcd6 27.
Nxd5 Nxd5 28. Rc4 Kf7 29. Rdc1 R8d7 30. Kf1 Ne7 31. Rc7 Rxd4 32. Rxb7 Rxb7 33.
Bxb7 Rd2 34. b4 Rd3 35. a4 Ra3 36. a5 bxa5 37. b5 Rb3 38. Ba6 a4 39. Ke2 a3 40.
Ra1 Nd5 41. Kd2 Nb4 42. Kc1 a2 43. Bb7 Nd3+ 44. Kc2 Ra3 1/2-1/2

[Event "EU YCH Team U12 boys"]
[Site "Thessaloniki"]
[Date "2022.07.15"]
[Round "4.4"]
[White "Krstevski, Pavel"]
[Black "Spagkakas, Konstantinos"]
[Result "1/2-1/2"]
[WhiteElo "1121"]
[BlackElo "1211"]
[PlyCount "91"]
[EventDate "2022.07.12"]
[EventType "swiss"]
[EventRounds "7"]
[EventCountry "GRE"]
[SourceTitle "Youth Database"]
[Source "CBase R.Goldau"]
[SourceDate "2000.03.01"]
[SourceVersion "1"]
[SourceVersionDate "2022.07.18"]
[SourceQuality "1"]
[WhiteTeam "Mazedonien"]
[BlackTeam "Griechenland"]
[WhiteTeamCountry "MKD"]
[BlackTeamCountry "GRE"]

1. d4 Nf6 2. Nf3 g6 3. Bf4 Bg7 4. e3 O-O 5. h3 d5 6. c3 Bf5 7. Bd3 Bxd3 8. Qxd3
Nbd7 9. O-O Re8 10. Nbd2 c5 11. Rfe1 Rc8 12. Bh2 a6 13. a4 Kh8 14. Ne5 Nxe5 15.
Bxe5 Nd7 16. Bxg7+ Kxg7 17. e4 e6 18. exd5 cxd4 19. Qxd4+ e5 20. Qe3 Nb6 21.
Qg3 Qxd5 22. Nf3 e4 23. Nd4 Nc4 24. Re2 Qe5 25. Qxe5+ Rxe5 26. Rae1 f5 27. f3
e3 28. b3 Nd2 29. Rxe3 Rxe3 30. Rxe3 Kf6 31. Kf2 Nb1 32. c4 Rd8 33. Rd3 Na3 34.
Rd2 Nc2 35. Rxc2 Rxd4 36. Ke3 Rd7 37. g3 Re7+ 38. Kd4 Rd7+ 39. Kc3 Re7 40. Rd2
Rc7 41. b4 Ke7 42. b5 axb5 43. axb5 b6 44. Kb4 Ke6 45. Rd8 Ke5 46. Rd5+ 1/2-1/2

[Event "EU YCH Team U12 boys"]
[Site "Thessaloniki"]
[Date "2022.07.15"]
[Round "4.1"]
[White "Negrean, Andrei"]
[Black "Taragan, Uri"]
[Result "1/2-1/2"]
[WhiteElo "1976"]
[BlackElo "1843"]
[PlyCount "80"]
[EventDate "2022.07.12"]
[EventType "swiss"]
[EventRounds "7"]
[EventCountry "GRE"]
[SourceTitle "Youth Database"]
[Source "CBase R.Goldau"]
[SourceDate "2000.03.01"]
[SourceVersion "1"]
[SourceVersionDate "2022.07.18"]
[SourceQuality "1"]
[WhiteTeam "Rumänien"]
[BlackTeam "Israel"]
[WhiteTeamCountry "ROU"]
[BlackTeamCountry "ISR"]

1. Nf3 Nf6 2. d4 e6 3. g3 c5 4. Bg2 cxd4 5. O-O d5 6. Nxd4 e5 7. Nb3 Be6 8. c4
Nc6 9. cxd5 Nxd5 10. N1d2 Be7 11. Ne4 Nf6 12. Nbc5 Nxe4 13. Nxe6 fxe6 14. Bxe4
Qxd1 15. Rxd1 Bc5 16. Bxc6+ bxc6 17. Bd2 Rf8 18. e3 O-O-O 19. Bc3 Rf5 20. Rxd8+
Kxd8 21. a4 a6 22. Ba5+ Ke7 23. Rc1 Kd6 24. Rd1+ Ke7 25. Bd8+ Ke8 26. Bc7 Ke7
27. g4 Rf8 28. Bxe5 g5 29. Rc1 Bd6 30. Bd4 Kd7 31. Bc5 Bxc5 32. Rxc5 h6 33. Ra5
Rb8 34. Rxa6 Rxb2 35. Ra7+ Kd6 36. a5 c5 37. Ra8 c4 38. Rc8 Kd5 39. a6 Ra2 40.
Ra8 c3 1/2-1/2

[Event "EU YCH Team U12 boys"]
[Site "Thessaloniki"]
[Date "2022.07.15"]
[Round "4.2"]
[White "Shefer, Uri"]
[Black "Tudor, Henry Edward"]
[Result "1/2-1/2"]
[WhiteElo "1882"]
[BlackElo "1984"]
[PlyCount "82"]
[EventDate "2022.07.12"]
[EventType "swiss"]
[EventRounds "7"]
[EventCountry "GRE"]
[SourceTitle "Youth Database"]
[Source "CBase R.Goldau"]
[SourceDate "2000.03.01"]
[SourceVersion "1"]
[SourceVersionDate "2022.07.18"]
[SourceQuality "1"]
[WhiteTeam "Israel"]
[BlackTeam "Rumänien"]
[WhiteTeamCountry "ISR"]
[BlackTeamCountry "ROU"]

1. d4 Nf6 2. c4 e6 3. g3 d5 4. Bg2 Be7 5. Nf3 O-O 6. O-O dxc4 7. Qc2 b5 8. a4
b4 9. Ne5 Qxd4 10. Bxa8 Qxe5 11. Bf4 Qh5 12. Bf3 Ng4 13. Bxg4 Qxg4 14. Qxc4 e5
15. Qxc7 exf4 16. Qxe7 fxg3 17. Nd2 gxf2+ 18. Kxf2 Qd4+ 19. Qe3 Qxb2 20. Qf4
Nc6 21. Rfd1 Re8 22. Rab1 Qa2 23. Qc4 Qxc4 24. Nxc4 Be6 25. Rd6 Rc8 26. Ne3 Kf8
27. Nd5 Rb8 28. Nc7 Rb6 29. a5 Nxa5 30. Rxb6 axb6 31. Nxe6+ fxe6 32. Rxb4 Ke7
33. e4 Kf6 34. Kg3 Nc6 35. Rxb6 Ne5 36. Rd6 g5 37. Rd8 h6 38. h4 Kg6 39. Ra8
gxh4+ 40. Kxh4 Kf6 41. Kh5 Nd3 1/2-1/2

[Event "EU YCH Team U12 boys"]
[Site "Thessaloniki"]
[Date "2022.07.15"]
[Round "4.3"]
[White "Anghelescu, Teodor-Stefan"]
[Black "Azoulay, Yehonatan"]
[Result "1/2-1/2"]
[WhiteElo "1813"]
[BlackElo "1805"]
[PlyCount "103"]
[EventDate "2022.07.12"]
[EventType "swiss"]
[EventRounds "7"]
[EventCountry "GRE"]
[SourceTitle "Youth Database"]
[Source "CBase R.Goldau"]
[SourceDate "2000.03.01"]
[SourceVersion "1"]
[SourceVersionDate "2022.07.18"]
[SourceQuality "1"]
[WhiteTeam "Rumänien"]
[BlackTeam "Israel"]
[WhiteTeamCountry "ROU"]
[BlackTeamCountry "ISR"]

1. e4 c5 2. Nf3 Nc6 3. d4 cxd4 4. Nxd4 g6 5. Nc3 Bg7 6. Be3 Nf6 7. Bc4 O-O 8.
Bb3 d6 9. h3 Bd7 10. O-O Nxd4 11. Bxd4 b5 12. Nd5 Nxd5 13. exd5 a5 14. Bxg7
Kxg7 15. Qd4+ Kg8 16. a3 Rc8 17. c3 a4 18. Bc2 Rc4 19. Qe3 Re8 20. f4 f5 21.
Rad1 Qc7 22. Kh2 e6 23. dxe6 Rxe6 24. Qf2 Bc6 25. Bb1 Qe7 26. Rfe1 Rxf4 27.
Qxf4 Rxe1 28. Rxe1 Qxe1 29. Ba2+ Kg7 30. Qxd6 Qe4 31. Qd4+ Qxd4 32. cxd4 f4 33.
Kg1 Kf6 34. Kf2 Kf5 35. d5 Bb7 36. d6 Bc6 37. g4+ Ke5 38. g5 Kxd6 39. Bg8 Ke7
40. h4 Kf8 41. Be6 Kg7 42. Bg4 Kf7 43. Bf3 Bxf3 44. Kxf3 Ke6 45. Kxf4 Kd5 46.
Ke3 Ke5 47. Kd3 Kd5 48. Kc3 Kc5 49. Kd3 b4 50. axb4+ Kxb4 51. Kd2 Kb3 52. Kc1
1/2-1/2

[Event "EU YCH Team U12 boys"]
[Site "Thessaloniki"]
[Date "2022.07.15"]
[Round "4.4"]
[White "Shilon Rahav, Eliran"]
[Black "Gales, Randi-Ioan"]
[Result "0-1"]
[WhiteElo "1922"]
[BlackElo "1805"]
[PlyCount "64"]
[EventDate "2022.07.12"]
[EventType "swiss"]
[EventRounds "7"]
[EventCountry "GRE"]
[SourceTitle "Youth Database"]
[Source "CBase R.Goldau"]
[SourceDate "2000.03.01"]
[SourceVersion "1"]
[SourceVersionDate "2022.07.18"]
[SourceQuality "1"]
[WhiteTeam "Israel"]
[BlackTeam "Rumänien"]
[WhiteTeamCountry "ISR"]
[BlackTeamCountry "ROU"]

1. e4 c5 2. c3 d5 3. exd5 Qxd5 4. d4 Nc6 5. Nf3 Bf5 6. Be3 cxd4 7. cxd4 Bxb1 8.
Qxb1 e6 9. a3 Nf6 10. Bd3 Be7 11. O-O O-O 12. b4 Bd6 13. Rd1 Qh5 14. h3 Nd5 15.
Bd2 Rfd8 16. b5 Nce7 17. Re1 Nf4 18. Bxf4 Bxf4 19. Be4 Nd5 20. Qb3 Rac8 21. a4
Rc3 22. Qb2 Rdc8 23. a5 R3c4 24. a6 b6 25. Ne5 Bxe5 26. dxe5 Nf4 27. Kh2 Qg5
28. f3 Rc2 29. Qxc2 Rxc2 30. Rg1 Rxg2+ 31. Kh1 Qg3 32. Bxh7+ Kxh7 0-1

[Event "EU YCH Team U12 boys"]
[Site "Thessaloniki"]
[Date "2022.07.15"]
[Round "4.1"]
[White "Zerey, Demhat"]
[Black "Sowinski, Pawel"]
[Result "1/2-1/2"]
[WhiteElo "1497"]
[BlackElo "2136"]
[PlyCount "103"]
[EventDate "2022.07.12"]
[EventType "swiss"]
[EventRounds "7"]
[EventCountry "GRE"]
[SourceTitle "Youth Database"]
[Source "CBase R.Goldau"]
[SourceDate "2000.03.01"]
[SourceVersion "1"]
[SourceVersionDate "2022.07.18"]
[SourceQuality "1"]
[WhiteTeam "Türkei"]
[BlackTeam "Polen"]
[WhiteTeamCountry "TUR"]
[BlackTeamCountry "POL"]

1. Nf3 Nf6 2. g3 g6 3. Bg2 Bg7 4. c4 O-O 5. O-O c6 6. d4 d5 7. Nbd2 b6 8. b3
Bb7 9. Bb2 Nbd7 10. e3 e6 11. Rc1 Qe7 12. Qe2 a5 13. a3 Ne4 14. Nxe4 dxe4 15.
Nd2 f5 16. f3 exf3 17. Nxf3 e5 18. dxe5 c5 19. Rfd1 Rad8 20. Rc2 Bxf3 21. Bxf3
Bxe5 22. Rcd2 Bxb2 23. Rxb2 Nf6 24. Rbd2 Rde8 25. Rd3 Qe5 26. Kg2 g5 27. Bc6
Re7 28. Qf3 Kg7 29. h3 Ne4 30. Rd7 Rff7 31. Rxe7 Rxe7 32. Bxe4 fxe4 33. Qe2 Rf7
34. Rd5 Qf6 35. g4 Kg6 36. Rf5 Qe6 37. Rxf7 Qxf7 38. Qf2 Qd7 39. Qf8 Qd2+ 40.
Kf1 Qd7 41. Qg8+ Kf6 42. Qf8+ Ke5 43. Qb8+ Qd6 44. Qe8+ Qe6 45. Qb5 h5 46. b4
axb4 47. axb4 hxg4 48. bxc5 bxc5 49. Qxc5+ Kf6 50. Qd4+ Ke7 51. Qg7+ Kd6 52.
Qd4+ 1/2-1/2

[Event "EU YCH Team U12 boys"]
[Site "Thessaloniki"]
[Date "2022.07.15"]
[Round "4.2"]
[White "Cieslak, Patryk"]
[Black "Kolat, Ata"]
[Result "1-0"]
[WhiteElo "2029"]
[BlackElo "1621"]
[PlyCount "113"]
[EventDate "2022.07.12"]
[EventType "swiss"]
[EventRounds "7"]
[EventCountry "GRE"]
[SourceTitle "Youth Database"]
[Source "CBase R.Goldau"]
[SourceDate "2000.03.01"]
[SourceVersion "1"]
[SourceVersionDate "2022.07.18"]
[SourceQuality "1"]
[WhiteTeam "Polen"]
[BlackTeam "Türkei"]
[WhiteTeamCountry "POL"]
[BlackTeamCountry "TUR"]

1. e4 c5 2. Nc3 Nc6 3. Bb5 g6 4. Bxc6 dxc6 5. d3 Bg7 6. Be3 b6 7. Qd2 h6 8.
Nge2 e5 9. O-O Nf6 10. h3 Nd7 11. f4 exf4 12. Bxf4 Nf8 13. e5 g5 14. Bg3 Ng6
15. d4 cxd4 16. Qxd4 Qxd4+ 17. Nxd4 Bd7 18. Ne4 O-O 19. Nf6+ Bxf6 20. Rxf6 c5
21. e6 Kg7 22. exd7 Kxf6 23. Nc6 Rfd8 24. Rd1 Ke6 25. Rd6+ Kf5 26. Rd2 Ke6 27.
Rd6+ Kf5 28. Kf2 Nf8 29. Ne7+ Ke4 30. Nd5 Ne6 31. c4 Rab8 32. Nc3+ Kf5 33. Rd5+
Kg6 34. Bxb8 Rxb8 35. Nb5 a6 36. Nc7 Nd8 37. Rd6+ Kg7 38. Nxa6 Rb7 39. b4 cxb4
40. Nxb4 Rc7 41. Ke3 Rxc4 42. Rxb6 Rc7 43. Rd6 Kf8 44. Kd3 Ke7 45. Rxh6 Rxd7+
46. Kc3 Ne6 47. a4 Nf4 48. g4 Rc7+ 49. Kb3 Rb7 50. Kc4 Ne6 51. a5 Kd6 52. a6
Rc7+ 53. Kb5 Rc1 54. a7 Rc8 55. Kb6 Kd7 56. Na6 Rc6+ 57. Ka5 1-0

[Event "EU YCH Team U12 boys"]
[Site "Thessaloniki"]
[Date "2022.07.15"]
[Round "4.3"]
[White "Sevig, Mert Can"]
[Black "Witczak, Borys"]
[Result "1-0"]
[WhiteElo "1604"]
[BlackElo "1766"]
[PlyCount "75"]
[EventDate "2022.07.12"]
[EventType "swiss"]
[EventRounds "7"]
[EventCountry "GRE"]
[SourceTitle "Youth Database"]
[Source "CBase R.Goldau"]
[SourceDate "2000.03.01"]
[SourceVersion "1"]
[SourceVersionDate "2022.07.18"]
[SourceQuality "1"]
[WhiteTeam "Türkei"]
[BlackTeam "Polen"]
[WhiteTeamCountry "TUR"]
[BlackTeamCountry "POL"]

1. e4 c5 2. Nc3 a6 3. d4 cxd4 4. Qxd4 Nc6 5. Qd2 e6 6. b3 Nf6 7. Bb2 Bb4 8. Bd3
d5 9. exd5 exd5 10. a3 Bd6 11. O-O-O O-O 12. h3 b5 13. Nb1 Be5 14. Nf3 Bxb2+
15. Kxb2 Be6 16. Rhe1 Rb8 17. Qf4 Qd7 18. Nd4 Nxd4 19. Qxd4 Rfc8 20. g4 a5 21.
f4 Qb7 22. f5 Bd7 23. g5 Ne8 24. f6 Nd6 25. Rf1 Nc4+ 26. Ka1 Be6 27. Qh4 Kf8
28. fxg7+ Kxg7 29. Qh6+ Kg8 30. Bxh7+ Kh8 31. Bf5+ Kg8 32. Qh7+ Kf8 33. Bxe6
Nd6 34. g6 Rxc2 35. Qh8+ Ke7 36. Qf6+ Kf8 37. g7+ Kg8 38. Qh6 1-0

[Event "EU YCH Team U12 boys"]
[Site "Thessaloniki"]
[Date "2022.07.15"]
[Round "4.4"]
[White "Suska, Szymon"]
[Black "Madsman, Berk"]
[Result "1/2-1/2"]
[WhiteElo "1674"]
[BlackElo "1437"]
[PlyCount "148"]
[EventDate "2022.07.12"]
[EventType "swiss"]
[EventRounds "7"]
[EventCountry "GRE"]
[SourceTitle "Youth Database"]
[Source "CBase R.Goldau"]
[SourceDate "2000.03.01"]
[SourceVersion "1"]
[SourceVersionDate "2022.07.18"]
[SourceQuality "1"]
[WhiteTeam "Polen"]
[BlackTeam "Türkei"]
[WhiteTeamCountry "POL"]
[BlackTeamCountry "TUR"]

1. Nf3 d5 2. c4 e6 3. g3 Nf6 4. Bg2 b6 5. O-O Bb7 6. cxd5 exd5 7. d4 Bd6 8. Nc3
O-O 9. Nb5 Re8 10. Nxd6 Qxd6 11. Bf4 Qe7 12. Re1 c5 13. Rc1 Nbd7 14. dxc5 bxc5
15. b4 Rac8 16. bxc5 Nxc5 17. Nd4 Nce4 18. Qb3 Ba8 19. Bh3 Rxc1 20. Rxc1 Nd6
21. Qb4 Nc4 22. Qxe7 Rxe7 23. Bg5 Rb7 24. Bxf6 gxf6 25. Nf5 Rb2 26. e4 Kf8 27.
Bg2 Rd2 28. g4 Nb6 29. a4 a5 30. exd5 Bxd5 31. Bxd5 Rxd5 32. Rc6 Rd1+ 33. Kg2
Rb1 34. Rxf6 Nxa4 35. Ra6 Rb8 36. Rxa5 Nb6 37. Ra7 Nc4 38. f4 Rd8 39. Kg3 Nd6
40. Nxd6 Rxd6 41. g5 Kg7 42. Kg4 Rd1 43. f5 Rf1 44. h4 h5+ 45. gxh6+ Kxh6 46.
Rxf7 Rg1+ 47. Kf4 Rg4+ 48. Ke5 Rxh4 49. Kf6 Ra4 50. Re7 Ra5 51. Re6 Kh7 52. Re5
Ra6+ 53. Kf7 Ra7+ 54. Re7 Ra5 55. f6 Ra8 56. Rd7 Rb8 57. Rd1 Rb7+ 58. Ke6 Rb6+
59. Ke7 Rb7+ 60. Ke6 Rb6+ 61. Rd6 Rb8 62. Rd3 Rb6+ 63. Ke7 Rb7+ 64. Rd7 Rb8 65.
Kf7 Ra8 66. Re7 Rb8 67. Ke6+ Kg8 68. Kf5 Rb1 69. Rg7+ Kf8 70. Rg2 Rf1+ 71. Kg6
Rf3 72. Re2 Rg3+ 73. Kf5 Rf3+ 74. Ke6 Rf1 1/2-1/2

[Event "EU YCH Team U12 boys"]
[Site "Thessaloniki"]
[Date "2022.07.15"]
[Round "4.1"]
[White "Shevchenko, Yaroslav"]
[Black "Stoyko, Oleh"]
[Result "1/2-1/2"]
[WhiteElo "1845"]
[BlackElo "1557"]
[PlyCount "100"]
[EventDate "2022.07.12"]
[EventType "swiss"]
[EventRounds "7"]
[EventCountry "GRE"]
[SourceTitle "Youth Database"]
[Source "CBase R.Goldau"]
[SourceDate "2000.03.01"]
[SourceVersion "1"]
[SourceVersionDate "2022.07.18"]
[SourceQuality "1"]
[WhiteTeam "Ukraine"]
[BlackTeam "Ukraine"]
[WhiteTeamCountry "UKR"]
[BlackTeamCountry "UKR"]

1. d4 Nf6 2. c4 e6 3. g3 d5 4. Nf3 dxc4 5. Bg2 Bb4+ 6. Bd2 a5 7. Qc2 Bxd2+ 8.
Qxd2 c6 9. a4 b5 10. axb5 cxb5 11. Qg5 O-O 12. Qxb5 Qd5 13. Nc3 Qxb5 14. Nxb5
Nd5 15. Ne5 Nd7 16. Nxc4 Ba6 17. Rxa5 Bxb5 18. Rxb5 Rfb8 19. Rxb8+ Rxb8 20. e4
N5b6 21. Nd2 Na4 22. b3 Nc3 23. f4 Nb5 24. Kf2 Nxd4 25. Rb1 Nc5 26. b4 Na6 27.
Bf1 Nxb4 28. Nf3 Nxf3 29. Kxf3 Nc6 30. Rxb8+ Nxb8 31. Bb5 Kf8 32. Ke3 Ke7 33.
Kd4 Nd7 34. e5 Nf8 35. Kc5 Ng6 36. Bd3 Nf8 37. g4 g6 38. g5 Nd7+ 39. Kc6 Nb8+
40. Kb6 Nd7+ 41. Kb5 Nb8 42. Be2 Nd7 43. Kc6 Nb8+ 44. Kb6 Nd7+ 45. Kb5 Nb8 46.
h4 Nd7 47. h5 gxh5 48. Bxh5 Nf8 49. Kc6 Ng6 50. Bxg6 hxg6 1/2-1/2

[Event "EU YCH Team U12 boys"]
[Site "Thessaloniki"]
[Date "2022.07.15"]
[Round "4.3"]
[White "Bezeyko, Olexander"]
[Black "Molchanov, Roman"]
[Result "1/2-1/2"]
[WhiteElo "1763"]
[BlackElo "1290"]
[PlyCount "82"]
[EventDate "2022.07.12"]
[EventType "swiss"]
[EventRounds "7"]
[EventCountry "GRE"]
[SourceTitle "Youth Database"]
[Source "CBase R.Goldau"]
[SourceDate "2000.03.01"]
[SourceVersion "1"]
[SourceVersionDate "2022.07.18"]
[SourceQuality "1"]
[WhiteTeam "Ukraine"]
[BlackTeam "Ukraine"]
[WhiteTeamCountry "UKR"]
[BlackTeamCountry "UKR"]

1. Nf3 d5 2. c4 e6 3. g3 Nf6 4. Bg2 dxc4 5. Qa4+ Nbd7 6. Qxc4 a6 7. Qc2 c5 8.
b3 b5 9. Bb2 Bb7 10. O-O Be7 11. e3 O-O 12. d4 Rc8 13. Qe2 Rc7 14. Nbd2 Qa8 15.
Ne1 Bxg2 16. Nxg2 cxd4 17. Bxd4 Rfc8 18. Ne1 Bb4 19. a4 Bxd2 20. Qxd2 Ne4 21.
Qb2 Ng5 22. f3 f6 23. e4 e5 24. Be3 b4 25. Bxg5 fxg5 26. Qd2 Qa7+ 27. Kg2 Rc3
28. Qd5+ Kh8 29. Rd1 Nf6 30. Qxe5 Rxb3 31. Rf2 Rf8 32. Rfd2 h6 33. Rd8 Qf7 34.
Qc5 Rb2+ 35. Nc2 Rxd8 36. Rxd8+ Kh7 37. Qf5+ g6 38. Qc8 b3 39. Rf8 Rxc2+ 40.
Qxc2 Qxf8 41. Qxb3 Qe7 1/2-1/2

[Event "EU YCH Team U12 boys"]
[Site "Thessaloniki"]
[Date "2022.07.16"]
[Round "5.1"]
[White "Stoyko, Oleh"]
[Black "Besou, Hussain"]
[Result "0-1"]
[WhiteElo "1557"]
[BlackElo "2078"]
[PlyCount "154"]
[EventDate "2022.07.12"]
[EventType "swiss"]
[EventRounds "7"]
[EventCountry "GRE"]
[SourceTitle "Youth Database"]
[Source "CBase R.Goldau"]
[SourceDate "2000.03.01"]
[SourceVersion "1"]
[SourceVersionDate "2022.07.18"]
[SourceQuality "1"]
[WhiteTeam "Ukraine"]
[BlackTeam "Deutschland"]
[WhiteTeamCountry "UKR"]
[BlackTeamCountry "GER"]

1. Nf3 Nf6 2. c4 e6 3. g3 d5 4. d4 Bb4+ 5. Bd2 Be7 6. Bg2 O-O 7. O-O c6 8. b3
b6 9. Qc2 Bb7 10. Rd1 Nbd7 11. e3 Rc8 12. Ne5 Nxe5 13. dxe5 Nd7 14. f4 Qc7 15.
Nc3 dxc4 16. bxc4 Rcd8 17. Ne4 Nc5 18. Bc3 Ba6 19. Nxc5 Bxc5 20. Bd4 Bxd4 21.
exd4 Bb7 22. Qb3 Rd7 23. Rd2 Rfd8 24. Rad1 Qc8 25. Be4 b5 26. c5 Qc7 27. g4 a5
28. f5 exf5 29. gxf5 Re8 30. Qh3 f6 31. e6 Rdd8 32. Qg4 b4 33. Bd3 Re7 34. Bc4
Qc8 35. Rg2 Ba6 36. Bb3 Bb5 37. Rdd2 a4 38. Bd1 Qa6 39. Qh4 Rf8 40. Bh5 Bd3 41.
Bf7+ Rfxf7 42. exf7+ Rxf7 43. Qf4 Bc4 44. h4 Qc8 45. h5 h6 46. Qxh6 Qxf5 47.
Qe3 Kh7 48. Qg3 Re7 49. Qg6+ Qxg6 50. hxg6+ Kg8 51. Rc2 Re1+ 52. Kh2 Bd5 53.
Rg1 Re4 54. Rd2 Kf8 55. Rb1 b3 56. axb3 Bxb3 57. Kg3 Ke7 58. Kf3 f5 59. Rg1 Kf6
60. Kf2 Re8 61. Re2 Rxe2+ 62. Kxe2 a3 63. Kd3 a2 64. Kc3 Bd5 65. Kd3 f4 66. Ke2
Be4 67. Ra1 Bb1 68. Kf3 Ke6 69. Kxf4 Kd5 70. Kg5 Kxd4 71. Kf4 Kxc5 72. Ke5 Kc4
73. Ke6 Kb3 74. Kf7 Kb2 75. Rxa2+ Kxa2 76. Kxg7 Bxg6 77. Kxg6 c5 0-1